Geography Quiz

Random Geography or World Quiz

18 Amazing Places in the World Quiz Stats

Quiz Updated Dec 27, 2017

Challenge
Share
Tweet
Score 0/18 Timer 06:00
0 Plays Today
% Correct
Keukenhof is in the Netherlands
88.9%
Gullfoss is in Iceland
71.5%
Trolltunga is in Norway
70.2%
Moraine Lake can be found in Canada
64.1%
The Plitvice Lakes are located in Croatia
57.3%
The Wave is located in the United States
49%
The Waitomo Glowworm Cave is in New Zealand
48%
The Sea of Stars on Vaadhoo Island can be found in Maldives
47.8%
Mount Roraima is on the border of Venezuela, Guyana, and Brazil
45.4%
% Correct
Yes, Zhangye Danxia is in China
44.5%
Salar De Uyuni is in Bolivia
39.3%
Fingal’s Cave can be found in the United Kingdom (Scotland)
39.3%
Son Doong Cave is in Vietnam
37.7%
Yep, the Great Blue Hole is in Belize!
36.8%
Lake Hillier is in Australia
36.2%
The Tsingy Stone Forest is in Madagascar
34%
The Door to Hell can be found in Turkmenistan
30.1%
The Tunnel of Love is in Ukraine!
28.6%

You're not logged in!

Compare scores with friends on all Sporcle quizzes.
Sign Up with Email
OR
Log In

You Might Also Like...

Show Comments

Extras

Top Quizzes Today


Score Distribution

Your Account Isn't Verified!

In order to create a playlist on Sporcle, you need to verify the email address you used during registration. Go to your Sporcle Settings to finish the process.

Report this User

Report this user for behavior that violates our Community Guidelines.

Details: